[Event "XtraCon-Skakligaen"]
[Site "Denmark"]
[Date "2015.03.07"]
[Round "8.7"]
[White "Mygind, Jesper"]
[Black "Montgomery, Jan Elkjaer Frantse"]
[Result "1/2-1/2"]
[WhiteElo "1907"]
[BlackElo "2149"]
[PlyCount "104"]
[EventDate "2014.10.25"]
[EventType "team-tourn"]
[EventRounds "9"]
[EventCountry "DEN"]
[WhiteTeam "AarhusSkolerne"]
[BlackTeam "Hillerod"]
[WhiteTeamCountry "DEN"]
[BlackTeamCountry "DEN"]
[WhiteClock "0:06:01"]
[BlackClock "0:24:30"]

1. c4 e6 2. Nc3 d5 3. d4 Nf6 4. Bg5 Nbd7 5. e3 c6 6. Nf3 Qa5 7. Nd2 Bb4 8. Qc2
O-O 9. Be2 c5 10. dxc5 dxc4 11. Bxf6 Nxf6 12. O-O Qxc5 13. a3 Bxc3 14. Qxc3 Bd7
15. Qxc4 Rac8 16. Qxc5 Rxc5 17. Rfc1 Rfc8 18. Rxc5 Rxc5 19. Bd1 Kf8 20. Kf1
Bb5+ 21. Ke1 Bc6 22. g3 Bd5 23. b4 Rc3 24. Nb1 Rc7 25. Nd2 Ke7 26. Nb3 b6 27.
Rc1 Rxc1 28. Nxc1 Ne4 29. Bf3 Kd6 30. Bxe4 Bxe4 31. Kd2 g5 32. Kc3 f5 33. Nb3
h5 34. Nd4 a6 35. f4 e5 36. Ne2 Bf3 37. Nc1 gxf4 38. gxf4 exf4 39. exf4 Kd5 40.
Kd3 Be4+ 41. Ke3 Kc4 42. h4 Bc2 43. Ne2 Bd1 44. Nd4 Bg4 45. Nc6 Kb5 46. Nb8 Bd1
47. Kd4 Be2 48. Kc3 Bf3 49. Nd7 Bd5 50. a4+ Kc6 51. Ne5+ Kd6 52. Kd4 Bb3
1/2-1/2

[Event "XtraCon-Skakligaen"]
[Site "Denmark"]
[Date "2015.03.07"]
[Round "8.8"]
[White "Andersen, Ib Hother"]
[Black "Larsen, Jesper Riis"]
[Result "1-0"]
[WhiteElo "2128"]
[BlackElo "1989"]
[PlyCount "93"]
[EventDate "2014.10.25"]
[EventType "team-tourn"]
[EventRounds "9"]
[EventCountry "DEN"]
[WhiteTeam "Hillerod"]
[BlackTeam "AarhusSkolerne"]
[WhiteTeamCountry "DEN"]
[BlackTeamCountry "DEN"]
[WhiteClock "0:22:59"]
[BlackClock "0:19:58"]

1. e4 e5 2. Nf3 Nc6 3. Bb5 a6 4. Ba4 Nf6 5. Qe2 b5 6. Bb3 Be7 7. O-O O-O 8. c3
d5 9. d3 Bb7 10. Rd1 Re8 11. Nbd2 Na5 12. Bc2 c5 13. Nxe5 Bd6 14. Ng4 dxe4 15.
Nxf6+ Qxf6 16. dxe4 Qg6 17. f3 Rad8 18. Qf2 c4 19. Nf1 Qh5 20. Be3 Nc6 21. Rd2
Bc7 22. Rad1 Rxd2 23. Rxd2 Rd8 24. Rxd8+ Nxd8 25. Ng3 Qh4 26. f4 Ne6 27. Ne2
Qxf2+ 28. Kxf2 f6 29. g3 Bd6 30. Bb6 Kf7 31. Ke3 Ke7 32. Nd4 Kd7 33. Nxe6 Kxe6
34. Kd4 Bb8 35. b3 cxb3 36. axb3 Kd6 37. Bc5+ Ke6 38. b4 g5 39. Bb3+ Kd7 40. e5
fxe5+ 41. fxe5 Ke8 42. Bd5 Bc8 43. e6 Kd8 44. Ke4 h5 45. Kf5 h4 46. gxh4 gxh4
47. h3 1-0

[Event "XtraCon-Skakligaen"]
[Site "Denmark"]
[Date "2015.03.07"]
[Round "8.1"]
[White "Hector, Jonny"]
[Black "Rasmussen, Allan Stig"]
[Result "1-0"]
[WhiteElo "2488"]
[BlackElo "2524"]
[PlyCount "131"]
[EventDate "2014.10.25"]
[EventType "team-tourn"]
[EventRounds "9"]
[EventCountry "DEN"]
[WhiteTeam "Nordkalotten"]
[BlackTeam "Jetsmark"]
[WhiteTeamCountry "DEN"]
[BlackTeamCountry "DEN"]
[WhiteClock "0:04:04"]
[BlackClock "0:00:45"]

1. e4 e6 2. d4 d5 3. Nc3 Nf6 4. Bg5 dxe4 5. Nxe4 Be7 6. Bxf6 gxf6 7. Nf3 f5 8.
Nc3 a6 9. g3 b5 10. Bg2 Bb7 11. O-O c5 12. dxc5 Bxc5 13. Qxd8+ Kxd8 14. Ne5
Bxg2 15. Kxg2 Ke7 16. Rad1 Rc8 17. Rfe1 Ke8 18. a4 b4 19. Ne2 Ra7 20. Nd4 Be7
21. b3 Rac7 22. Nc4 Rd8 23. Nf3 Rxd1 24. Rxd1 Nd7 25. h3 h5 26. h4 Nf6 27. Nfe5
Nd5 28. Nd3 Rd7 29. Kf3 f6 30. Re1 Kf7 31. Kg2 Rc7 32. Rd1 Nc3 33. Re1 e5 34.
Ne3 Ke6 35. Nb2 Bc5 36. Nec4 Bf8 37. Re3 Be7 38. Rd3 Nd5 39. Rd1 f4 40. Re1 Kf5
41. Nd3 Rd7 42. Kf3 fxg3 43. fxg3 Bd6 44. Nf2 Bc5 45. g4+ hxg4+ 46. Nxg4 Bd4
47. h5 Bc3 48. Rd1 e4+ 49. Kg3 Ke6 50. h6 f5 51. Nf2 Rh7 52. Nh3 Bf6 53. Nf4+
Nxf4 54. Rd6+ Ke7 55. Kxf4 Rxh6 56. Kxf5 e3 57. Re6+ Kd8 58. Nxe3 Bg5 59. Nd5
Rh5 60. Rxa6 Bd2+ 61. Ke4 Rh4+ 62. Kd3 Be1 63. Re6 Rh3+ 64. Kc4 Rh4+ 65. Kb5
Rh1 66. Kc6 1-0

[Event "XtraCon-Skakligaen"]
[Site "Denmark"]
[Date "2015.03.07"]
[Round "8.2"]
[White "Ochsner, Bjorn Moller"]
[Black "Brynell, Stellan"]
[Result "1-0"]
[WhiteElo "2342"]
[BlackElo "2459"]
[PlyCount "55"]
[EventDate "2014.10.25"]
[EventType "team-tourn"]
[EventRounds "9"]
[EventCountry "DEN"]
[WhiteTeam "Jetsmark"]
[BlackTeam "Nordkalotten"]
[WhiteTeamCountry "DEN"]
[BlackTeamCountry "DEN"]
[WhiteClock "0:05:55"]
[BlackClock "0:05:16"]

1. d4 e6 2. c4 Nf6 3. Nc3 Bb4 4. Qc2 b6 5. Nf3 Bb7 6. Bd2 O-O 7. e3 d5 8. cxd5
exd5 9. Bd3 a6 10. Ne2 Bd6 11. Ng3 Re8 12. Rc1 c5 13. dxc5 bxc5 14. O-O Nbd7
15. Rfd1 g6 16. Bc3 Qe7 17. Bf1 Rac8 18. Qb3 Rb8 19. Qa4 c4 20. Qc2 Nc5 21. b3
Nce4 22. bxc4 Rbc8 23. Bxf6 Nxf6 24. Qb3 Rb8 25. Qa4 dxc4 26. Bxc4 Bxg3 27.
hxg3 Ne4 28. Rd7 1-0

[Event "XtraCon-Skakligaen"]
[Site "Denmark"]
[Date "2015.03.07"]
[Round "8.3"]
[White "Sylvan, Jacob"]
[Black "Jensen, Bjarke"]
[Result "0-1"]
[WhiteElo "2315"]
[BlackElo "2351"]
[PlyCount "84"]
[EventDate "2014.10.25"]
[EventType "team-tourn"]
[EventRounds "9"]
[EventCountry "DEN"]
[WhiteTeam "Nordkalotten"]
[BlackTeam "Jetsmark"]
[WhiteTeamCountry "DEN"]
[BlackTeamCountry "DEN"]

1. e4 e5 2. Nf3 Nc6 3. Bb5 a6 4. Ba4 Nf6 5. O-O Be7 6. Re1 b5 7. Bb3 d6 8. c3
O-O 9. h3 Na5 10. Bc2 c5 11. d4 Qc7 12. Nbd2 Bd7 13. Nf1 cxd4 14. cxd4 Rac8 15.
Bd3 Nc6 16. Be3 exd4 17. Nxd4 Rfe8 18. Rc1 Qb7 19. Ng3 g6 20. Nxc6 Bxc6 21. Bd4
Nd7 22. Qd2 Bf6 23. Bc2 Ne5 24. Bb3 Qe7 25. Rcd1 Rcd8 26. Qc3 Bb7 27. Bd5 Rc8
28. Qb4 Bxd5 29. exd5 Rc4 30. Qb3 Rxd4 31. Ne4 Rxd1 32. Qxd1 Bg7 33. f4 Nc4 34.
Nf6+ Bxf6 35. Rxe7 Rxe7 36. b3 Ne3 37. Qd3 h5 38. a4 h4 39. f5 Nxf5 40. axb5
Bd4+ 41. Kh2 axb5 42. b4 Be5+ 0-1

[Event "XtraCon-Skakligaen"]
[Site "Denmark"]
[Date "2015.03.07"]
[Round "8.4"]
[White "Wiwe, Andreas"]
[Black "Kristensen, Kaare Hove"]
[Result "0-1"]
[WhiteElo "2301"]
[BlackElo "2335"]
[PlyCount "108"]
[EventDate "2014.10.25"]
[EventType "team-tourn"]
[EventRounds "9"]
[EventCountry "DEN"]
[WhiteTeam "Jetsmark"]
[BlackTeam "Nordkalotten"]
[WhiteTeamCountry "DEN"]
[BlackTeamCountry "DEN"]
[WhiteClock "0:02:46"]
[BlackClock "0:10:53"]

1. e4 c5 2. Nf3 d6 3. d4 cxd4 4. Nxd4 Nf6 5. Nc3 a6 6. Be3 e5 7. Nb3 Be6 8. f3
Be7 9. Qd2 O-O 10. O-O-O Nbd7 11. g4 b5 12. g5 b4 13. Ne2 Ne8 14. f4 a5 15. f5
Bxb3 16. cxb3 a4 17. Kb1 axb3 18. Nc1 Nc5 19. Bxc5 bxa2+ 20. Nxa2 dxc5 21. Qc1
Qa5 22. Bc4 Nd6 23. Rxd6 Bxd6 24. g6 Kh8 25. gxf7 Be7 26. Rd1 Qa4 27. Qc2 Qxc2+
28. Kxc2 Rad8 29. Nc1 Rxd1 30. Kxd1 g6 31. fxg6 hxg6 32. Nd3 Bd6 33. Ke2 Kg7
34. Nf2 Kf6 35. Kf3 Ra8 36. Ng4+ Kg7 37. Ne3 Ra1 38. Bd5 Rh1 39. Kg2 Rb1 40. b3
Rc1 41. Kf2 Be7 42. Nc4 Rc2+ 43. Kg1 Kf6 44. Nb6 Kg5 45. Be6 Re2 46. Nd7 Rxe4
47. f8=Q Bxf8 48. Nxf8 c4 49. Bd5 Rg4+ 50. Kh1 c3 51. Ne6+ Kh6 52. Bf3 c2 53.
Bxg4 c1=Q+ 54. Kg2 Qb2+ 0-1

[Event "XtraCon-Skakligaen"]
[Site "Denmark"]
[Date "2015.03.07"]
[Round "8.5"]
[White "Jakobsen, Peter"]
[Black "Thybo, Jesper Sondergaard"]
[Result "0-1"]
[WhiteElo "2227"]
[BlackElo "2334"]
[PlyCount "80"]
[EventDate "2014.10.25"]
[EventType "team-tourn"]
[EventRounds "9"]
[EventCountry "DEN"]
[WhiteTeam "Nordkalotten"]
[BlackTeam "Jetsmark"]
[WhiteTeamCountry "DEN"]
[BlackTeamCountry "DEN"]

1. d4 Nf6 2. c4 g6 3. Nc3 Bg7 4. e4 d6 5. Nf3 O-O 6. Be2 e5 7. O-O Nc6 8. d5
Ne7 9. Ne1 Nd7 10. Be3 f5 11. f3 f4 12. Bf2 g5 13. a4 Rf6 14. a5 Rh6 15. Nd3
Qe8 16. Kh1 Nf6 17. c5 Qg6 18. cxd6 cxd6 19. Qb3 Kh8 20. Rac1 Neg8 21. Nb5 g4
22. fxg4 Bxg4 23. Bxg4 Nxg4 24. h3 Qxe4 25. Ne1 Qe2 26. Kg1 Nh2 27. Kxh2 Qxf1
28. Nd3 Qe2 29. Rc2 Qd1 30. Ne1 Qh5 31. Nc7 Rf8 32. Ne6 Rf7 33. Nf3 Bf6 34. Qc4
Qg6 35. Re2 Ne7 36. a6 bxa6 37. Qxa6 e4 38. Nfd4 f3 39. Nf4 Be5 40. g3 Bxf4 0-1

[Event "XtraCon-Skakligaen"]
[Site "Denmark"]
[Date "2015.03.07"]
[Round "8.6"]
[White "Helledie, Anders"]
[Black "Hove, Esben Kjems"]
[Result "1/2-1/2"]
[WhiteElo "2266"]
[BlackElo "2224"]
[PlyCount "64"]
[EventDate "2014.10.25"]
[EventType "team-tourn"]
[EventRounds "9"]
[EventCountry "DEN"]
[WhiteTeam "Jetsmark"]
[BlackTeam "Nordkalotten"]
[WhiteTeamCountry "DEN"]
[BlackTeamCountry "DEN"]
[WhiteClock "0:09:13"]
[BlackClock "0:30:49"]

1. e4 c6 2. d4 d5 3. e5 Bf5 4. Nf3 e6 5. Be2 h6 6. O-O Nd7 7. c3 Ne7 8. Nbd2
Bh7 9. b4 Ng6 10. Nb3 Be7 11. a4 O-O 12. Re1 Nh4 13. Nxh4 Bxh4 14. b5 Be7 15.
Ba3 Bxa3 16. Rxa3 Qc7 17. Qd2 c5 18. Rc1 c4 19. Na1 a6 20. Qb2 Qa5 21. bxa6
bxa6 22. Nc2 Bxc2 23. Qxc2 Rab8 24. Bd1 Rb7 25. Rb1 Rfb8 26. Rxb7 Rxb7 27. Kf1
Qd8 28. Qc1 Qb6 29. Ra2 Qb1 30. Qxb1 Rxb1 31. Ke2 a5 32. Bc2 Rb8 1/2-1/2

[Event "XtraCon-Skakligaen"]
[Site "Denmark"]
[Date "2015.03.07"]
[Round "8.7"]
[White "Ejsing, Esben"]
[Black "Christensen, Stefan"]
[Result "0-1"]
[WhiteElo "2190"]
[BlackElo "2258"]
[PlyCount "52"]
[EventDate "2014.10.25"]
[EventType "team-tourn"]
[EventRounds "9"]
[EventCountry "DEN"]
[WhiteTeam "Nordkalotten"]
[BlackTeam "Jetsmark"]
[WhiteTeamCountry "DEN"]
[BlackTeamCountry "DEN"]
[WhiteClock "0:18:03"]
[BlackClock "0:13:01"]

1. c4 e5 2. Nc3 Nf6 3. g3 Bb4 4. Bg2 O-O 5. Nf3 Re8 6. O-O e4 7. Ng5 Bxc3 8.
bxc3 h6 9. Nh3 d6 10. d3 Nc6 11. Nf4 exd3 12. exd3 Ne5 13. h3 c6 14. Qb3 g5 15.
d4 gxf4 16. dxe5 dxe5 17. gxf4 e4 18. Be3 Qe7 19. Kh2 Bf5 20. Rg1 Kh7 21. Bf1
Rg8 22. Be2 b6 23. c5 Nd5 24. cxb6 Qh4 25. Bf1 Rxg1 26. Kxg1 Bxh3 0-1

[Event "XtraCon-Skakligaen"]
[Site "Denmark"]
[Date "2015.03.07"]
[Round "8.8"]
[White "Rosenkilde, Alexander"]
[Black "Nielsen, Lars Aaes"]
[Result "1-0"]
[WhiteElo "2211"]
[BlackElo "2237"]
[PlyCount "64"]
[EventDate "2014.10.25"]
[EventType "team-tourn"]
[EventRounds "9"]
[EventCountry "DEN"]
[WhiteTeam "Jetsmark"]
[BlackTeam "Nordkalotten"]
[WhiteTeamCountry "DEN"]
[BlackTeamCountry "DEN"]
[WhiteClock "0:00:51"]
[BlackClock "0:31:00"]

1. d4 d5 2. c4 e6 3. Nf3 Nf6 4. g3 c6 5. Bg2 b5 6. cxd5 cxd5 7. Bf4 Nc6 8. O-O
Be7 9. Nbd2 Qb6 10. Nb3 Bb7 11. Rc1 Rc8 12. Ne5 O-O 13. Qd3 Nxe5 14. Bxe5 b4
15. Nc5 Bc6 16. Rfe1 Bb5 17. Qf3 Nd7 18. Nxd7 Bxd7 19. e4 f6 20. Bf4 e5 21.
Rxc8 Bxc8 22. dxe5 fxe5 23. exd5 Bc5 24. Rxe5 Bd4 25. Re7 Bf6 26. d6 Kh8 27.
Be5 Bg4 28. Qxg4 Bxe5 29. Qf5 Bf6 30. Re6 Qd8 31. Be4 g6 32. Qd5 Qb6 1-0

[Event "XtraCon-Skakligaen"]
[Site "Denmark"]
[Date "2015.03.07"]
[Round "8.7"]
[White "Carstensen, Jacob"]
[Black "Andersen, Jackie"]
[Result "1/2-1/2"]
[WhiteElo "2357"]
[BlackElo "2356"]
[PlyCount "26"]
[EventDate "2014.10.25"]
[EventType "team-tourn"]
[EventRounds "9"]
[EventCountry "DEN"]
[WhiteTeam "Bronshoj"]
[BlackTeam "Skanderborg"]
[WhiteTeamCountry "DEN"]
[BlackTeamCountry "DEN"]
[WhiteClock "1:24:03"]
[BlackClock "1:09:05"]

1. d4 g6 2. c4 Bg7 3. Nc3 d6 4. e4 Nd7 5. Nf3 e5 6. Be2 Ngf6 7. O-O O-O 8. Be3
Ng4 9. Bg5 f6 10. Bd2 Nh6 11. Qc2 Nf7 12. Rad1 c6 13. Be3 Qe7 1/2-1/2

[Event "XtraCon-Skakligaen"]
[Site "Denmark"]
[Date "2015.03.08"]
[Round "9.1"]
[White "Matthiesen, Arne"]
[Black "Hillarp Persson, Tiger"]
[Result "0-1"]
[WhiteElo "2359"]
[BlackElo "2555"]
[PlyCount "112"]
[EventDate "2014.10.25"]
[EventType "team-tourn"]
[EventRounds "9"]
[EventCountry "DEN"]
[WhiteTeam "SK1968"]
[BlackTeam "Bronshoj"]
[WhiteTeamCountry "DEN"]
[BlackTeamCountry "DEN"]
[WhiteClock "0:02:58"]
[BlackClock "0:01:57"]

1. d4 Nf6 2. c4 e6 3. Nc3 c5 4. e3 a6 5. Nf3 d5 6. dxc5 Bxc5 7. a3 Nc6 8. b4
Ba7 9. Bb2 O-O 10. Rc1 dxc4 11. Bxc4 Qxd1+ 12. Rxd1 Rd8 13. Rxd8+ Nxd8 14. Bd3
Bd7 15. Ne5 Be8 16. Ne4 Nxe4 17. Bxe4 Bb5 18. Bd3 f6 19. Bxb5 axb5 20. Nf3 Rc8
21. Kd2 Nf7 22. Rc1 Rd8+ 23. Ke2 Nd6 24. Nd2 e5 25. e4 Bb6 26. f3 Kf7 27. Rc2
Ke6 28. Bc1 h5 29. Nb3 Nc4 30. Rc3 g6 31. Rd3 Rxd3 32. Kxd3 Nd6 33. g4 hxg4 34.
fxg4 f5 35. exf5+ gxf5 36. Nc5+ Kd5 37. gxf5 Bxc5 38. bxc5 Nxf5 39. Be3 e4+ 40.
Ke2 Kc4 41. h3 Kc3 42. Bd2+ Kd4 43. Bg5 e3 44. Bd8 Ke4 45. Bf6 Ng3+ 46. Ke1 Kf3
47. Bc3 Ne4 48. Bb4 Nf2 49. Ba5 b4 50. axb4 Nd3+ 51. Kd1 e2+ 52. Kd2 e1=Q+ 53.
Kxd3 Qe4+ 54. Kc3 Ke2 55. Bc7 Qd3+ 56. Kb2 Qc4 0-1

[Event "XtraCon-Skakligaen"]
[Site "Denmark"]
[Date "2015.03.08"]
[Round "9.2"]
[White "Hoi, Carsten"]
[Black "Bank, Pelle Rodkjaer"]
[Result "1-0"]
[WhiteElo "2395"]
[BlackElo "2329"]
[PlyCount "101"]
[EventDate "2014.10.25"]
[EventType "team-tourn"]
[EventRounds "9"]
[EventCountry "DEN"]
[WhiteTeam "Bronshoj"]
[BlackTeam "SK1968"]
[WhiteTeamCountry "DEN"]
[BlackTeamCountry "DEN"]
[WhiteClock "0:05:57"]
[BlackClock "0:03:11"]

1. Nf3 e6 2. c4 b6 3. d4 Bb7 4. a3 f5 5. Nc3 Nf6 6. d5 Na6 7. g3 Nc5 8. Bg2
Nce4 9. O-O Nxc3 10. bxc3 Bc5 11. Nd4 O-O 12. Qc2 Qc8 13. Bg5 Ne4 14. Bf4 Re8
15. Be3 Bxd4 16. Bxd4 exd5 17. cxd5 Bxd5 18. c4 Bc6 19. f3 Nd6 20. e3 Qa6 21.
Rfc1 Re7 22. a4 Rae8 23. a5 Qb7 24. axb6 axb6 25. Rf1 Ra8 26. Rab1 Qa6 27. Rfc1
Qa4 28. Qd3 Qa3 29. Qd2 Qa2 30. Rb2 Qa4 31. Rbc2 Qa5 32. Qd3 Qa3 33. Rc3 Qa6
34. Qc2 Qb7 35. Rf1 Ra5 36. Qd2 Qa7 37. Rfc1 Ra2 38. R1c2 Rxc2 39. Rxc2 Qb7 40.
Kf2 b5 41. Bc5 Re6 42. cxb5 Qxb5 43. Bf1 Qa4 44. Be2 Rh6 45. h4 Rg6 46. Rb2 Qa8
47. Qc2 Qf8 48. Bc4+ Re6 49. Bxd6 Qxd6 50. Rb8+ Kf7 51. Qxf5+ 1-0

[Event "XtraCon-Skakligaen"]
[Site "Denmark"]
[Date "2015.03.08"]
[Round "9.3"]
[White "Hansen, Lars"]
[Black "Aabling Thomsen, Jakob"]
[Result "0-1"]
[WhiteElo "2273"]
[BlackElo "2316"]
[PlyCount "68"]
[EventDate "2014.10.25"]
[EventType "team-tourn"]
[EventRounds "9"]
[EventCountry "DEN"]
[WhiteTeam "SK1968"]
[BlackTeam "Bronshoj"]
[WhiteTeamCountry "DEN"]
[BlackTeamCountry "DEN"]

1. d4 g6 2. e4 d6 3. Nc3 Bg7 4. Be3 a6 5. Qd2 b5 6. h4 h6 7. O-O-O Bb7 8. h5 g5
9. a3 Nd7 10. Nge2 Ngf6 11. Ng3 Ng4 12. Be2 Nxe3 13. Qxe3 e6 14. e5 d5 15. Kb1
c5 16. dxc5 Bxe5 17. Nf5 exf5 18. Nxd5 f4 19. Qh3 Nxc5 20. Qf5 f6 21. Nxf4 Qc8
22. Qg6+ Kf8 23. Nd5 Qe8 24. Qf5 Qe6 25. Qf3 Rc8 26. c4 Na4 27. Qb3 Nxb2 28.
Qb4+ Kg7 29. Bg4 f5 30. Rde1 Rxc4 31. Qd2 Bxd5 32. Rxe5 Qxe5 33. Re1 Qxe1+ 34.
Qxe1 Nd3 0-1

[Event "XtraCon-Skakligaen"]
[Site "Denmark"]
[Date "2015.03.08"]
[Round "9.4"]
[White "Pilgaard, Kim"]
[Black "Matthiesen, Martin"]
[Result "1-0"]
[WhiteElo "2400"]
[BlackElo "2260"]
[PlyCount "79"]
[EventDate "2014.10.25"]
[EventType "team-tourn"]
[EventRounds "9"]
[EventCountry "DEN"]
[WhiteTeam "Bronshoj"]
[BlackTeam "SK1968"]
[WhiteTeamCountry "DEN"]
[BlackTeamCountry "DEN"]
[WhiteClock "0:03:33"]
[BlackClock "0:03:10"]

1. d4 Nf6 2. c4 c5 3. d5 b5 4. cxb5 a6 5. f3 axb5 6. e4 Qa5+ 7. Bd2 b4 8. Na3
d6 9. Nc4 Qd8 10. a3 e6 11. dxe6 Bxe6 12. Ne3 d5 13. exd5 Nxd5 14. Bb5+ Bd7 15.
Nxd5 Bxb5 16. Bg5 Qd7 17. Kf2 Ra6 18. Nh3 f6 19. Bf4 Bd6 20. Re1+ Kf7 21. a4
Bc4 22. Rc1 Bxf4 23. Nhxf4 Bxd5 24. Qxd5+ Qxd5 25. Nxd5 Rc8 26. Re7+ Kf8 27.
Rb7 Rd6 28. Nb6 Re8 29. Rxc5 Nc6 30. Nc4 Rde6 31. Kg3 Nd4 32. Rcc7 Nf5+ 33. Kh3
h5 34. g4 hxg4+ 35. fxg4 Nh6 36. Rxg7 Re2 37. Rh7 Rd8 38. Kg3 Ng8 39. Kf3 Rc2
40. Nd6 1-0

[Event "XtraCon-Skakligaen"]
[Site "Denmark"]
[Date "2015.03.08"]
[Round "9.5"]
[White "Rewitz, Poul"]
[Black "Bromann, Thorbjorn"]
[Result "1/2-1/2"]
[WhiteElo "2253"]
[BlackElo "2438"]
[PlyCount "160"]
[EventDate "2014.10.25"]
[EventType "team-tourn"]
[EventRounds "9"]
[EventCountry "DEN"]
[WhiteTeam "SK1968"]
[BlackTeam "Bronshoj"]
[WhiteTeamCountry "DEN"]
[BlackTeamCountry "DEN"]

1. Nc3 g6 2. d4 Bg7 3. e4 d6 4. Be3 a6 5. Nge2 b5 6. f3 Bb7 7. g4 Nd7 8. Bg2 c5
9. O-O Rc8 10. Qe1 cxd4 11. Nxd4 Nb6 12. Bf2 Nf6 13. Rd1 Qc7 14. Ndxb5 axb5 15.
Nxb5 Qd7 16. Na7 Rb8 17. Bxb6 Ba6 18. Bd4 Bxf1 19. Bxf1 O-O 20. Rd3 Nxg4 21.
Bxg7 Kxg7 22. Ra3 Ne5 23. Qc3 Rb7 24. f4 Rc7 25. Qe3 Ng4 26. Qd4+ e5 27. fxe5
dxe5 28. Qxd7 Rxd7 29. Nb5 Rb8 30. Rd3 Nf6 31. a4 Re7 32. Bg2 Nh5 33. Bf1 Nf4
34. Rd6 f5 35. a5 fxe4 36. Kf2 Ne6 37. b4 Nc7 38. c4 Rf7+ 39. Ke1 Ne8 40. Rb6
Ra8 41. c5 e3 42. a6 Rf2 43. Rb7+ Kf6 44. Nc3 Rc2 45. Nd5+ Ke6 46. Nxe3 Rc1+
47. Kd2 Rxf1 48. Rb6+ Kd7 49. Nxf1 Nc7 50. b5 Nxb5 51. Rxb5 Rxa6 52. Rb7+ Kc6
53. Rb6+ Rxb6 54. cxb6 Kxb6 55. Ke3 Kc6 56. Ke4 Kd6 57. Nd2 Ke6 58. Nf3 Kf6 59.
Nxe5 Kg5 60. Kf3 Kh4 61. Kg2 Kg5 62. Kg3 Kf5 63. Ng4 h5 64. Ne3+ Ke4 65. Nd1 g5
66. Nf2+ Ke5 67. Nd1 Ke4 68. Nc3+ Kd4 69. Nb5+ Ke5 70. Kf3 Kd5 71. Ke3 Ke5 72.
Nd4 g4 73. Nc6+ Kf5 74. Ne7+ Kg5 75. Nd5 Kh4 76. Nf4 g3 77. h3 g2 78. Nxg2+
Kxh3 79. Kf3 Kh2 80. Nf4 Kg1 1/2-1/2

[Event "XtraCon-Skakligaen"]
[Site "Denmark"]
[Date "2015.03.08"]
[Round "9.6"]
[White "Palm, Nikolaj"]
[Black "Pedersen, Gunnar"]
[Result "1/2-1/2"]
[WhiteElo "2340"]
[BlackElo "2232"]
[PlyCount "45"]
[EventDate "2014.10.25"]
[EventType "team-tourn"]
[EventRounds "9"]
[EventCountry "DEN"]
[WhiteTeam "Bronshoj"]
[BlackTeam "SK1968"]
[WhiteTeamCountry "DEN"]
[BlackTeamCountry "DEN"]
[WhiteClock "0:07:55"]
[BlackClock "0:09:15"]

1. d4 c5 2. e3 Nf6 3. Nf3 g6 4. Be2 Bg7 5. O-O O-O 6. b3 cxd4 7. exd4 d5 8. Bb2
Nc6 9. Re1 Bf5 10. Nh4 Bd7 11. Nd2 Rc8 12. Nf1 e6 13. Ne3 Ne4 14. Nf3 Qa5 15.
Bf1 b5 16. a3 Rc7 17. Qd3 Rb8 18. Ne5 Qb6 19. f3 Nd6 20. Kh1 a5 21. Rad1 a4 22.
Bc3 Nf5 23. Nxf5 1/2-1/2

[Event "XtraCon-Skakligaen"]
[Site "Denmark"]
[Date "2015.03.08"]
[Round "9.7"]
[White "Bindzus, Niels"]
[Black "Carstensen, Jacob"]
[Result "0-1"]
[WhiteElo "2182"]
[BlackElo "2357"]
[PlyCount "136"]
[EventDate "2014.10.25"]
[EventType "team-tourn"]
[EventRounds "9"]
[EventCountry "DEN"]
[WhiteTeam "SK1968"]
[BlackTeam "Bronshoj"]
[WhiteTeamCountry "DEN"]
[BlackTeamCountry "DEN"]
[WhiteClock "0:01:03"]
[BlackClock "0:10:46"]

1. e4 c5 2. Nf3 d6 3. Bb5+ Nd7 4. d4 cxd4 5. Qxd4 a6 6. Bxd7+ Bxd7 7. c4 Rc8 8.
O-O e5 9. Qd3 b5 10. Na3 Qb6 11. Re1 h6 12. Bd2 b4 13. Nc2 a5 14. b3 Nf6 15. a3
bxa3 16. Nxa3 Be7 17. Nb5 Bxb5 18. cxb5 Ra8 19. Nh4 g6 20. h3 Nd7 21. Qd5 Rb8
22. Nf3 Qxb5 23. Qxb5 Rxb5 24. Rxa5 Rxb3 25. Ra8+ Rb8 26. Rxb8+ Nxb8 27. Rb1
Nc6 28. Rb7 f5 29. exf5 gxf5 30. Rc7 Nd8 31. Bb4 Nf7 32. Nd2 Rg8 33. Nc4 Rg6
34. Ne3 f4 35. Nd5 Bd8 36. Rb7 Kf8 37. Kf1 Re6 38. Rd7 Kg7 39. f3 Kg6 40. Nc3
Re7 41. Rxe7 Bxe7 42. Nd5 Bd8 43. Ke2 Kf5 44. Kd3 Ke6 45. Kc4 Nh8 46. Be1 Ng6
47. g3 fxg3 48. Bxg3 Ne7 49. Nc3 Ba5 50. Ne2 Nf5 51. Bf2 Bd2 52. Kd3 Bg5 53.
Bb6 Nh4 54. Ng1 Ng2 55. Bf2 Nf4+ 56. Kc2 d5 57. Bg3 Kf5 58. Kd1 Be7 59. Bf2 h5
60. Be3 Bh4 61. Bb6 Ne6 62. Ba7 d4 63. Ne2 Bf2 64. Nc1 Nf4 65. Bb8 Nxh3 66. Ke2
Be3 67. Nb3 Nf4+ 68. Kf1 d3 0-1

[Event "XtraCon-Skakligaen"]
[Site "Denmark"]
[Date "2015.03.08"]
[Round "9.8"]
[White "Greger, Roland Reinhard"]
[Black "Andersen, Lars Ren"]
[Result "1-0"]
[WhiteElo "2331"]
[BlackElo "2131"]
[PlyCount "115"]
[EventDate "2014.10.25"]
[EventType "team-tourn"]
[EventRounds "9"]
[EventCountry "DEN"]
[WhiteTeam "Bronshoj"]
[BlackTeam "SK1968"]
[WhiteTeamCountry "DEN"]
[BlackTeamCountry "DEN"]

1. e4 c5 2. Nf3 d6 3. d4 cxd4 4. Nxd4 Nf6 5. Nc3 a6 6. Bg5 e6 7. Qd2 Be7 8.
O-O-O Qc7 9. f3 Nbd7 10. Nb3 b5 11. Bf4 Ne5 12. a4 b4 13. Na2 a5 14. Nd4 O-O
15. Nb5 Qc6 16. b3 Ne8 17. Kb1 Ba6 18. Nc1 Rd8 19. Ne2 Nf6 20. Ned4 Qb7 21. h4
Rfe8 22. g4 Ng6 23. Bg3 e5 24. h5 Nf8 25. g5 exd4 26. gxf6 Bxf6 27. Nxd6 Rxd6
28. Bxd6 Nd7 29. Bd3 Qc6 30. Bg3 Nc5 31. Bxa6 Qxa6 32. e5 Be7 33. Qxd4 Qe2 34.
Qd5 Qe3 35. Rhe1 Qg5 36. Bf2 Ne6 37. Be3 Qxh5 38. Qd7 Kf8 39. Qd5 Rc8 40. Qe4
Qg6 41. Qxg6 fxg6 42. Rd5 g5 43. Rh1 h6 44. Rxa5 Rc3 45. Re1 h5 46. Ra8+ Kf7
47. a5 Nc7 48. Ra7 Ke6 49. Bd2 Rc6 50. Rb7 Nd5 51. Rb5 g6 52. Kc1 Bd8 53. Rd1
Be7 54. Rg1 Ra6 55. Bxg5 Nc3 56. Rb6+ Kf5 57. Bxe7 Rxa5 58. Rf6+ 1-0

[Event "XtraCon-Skakligaen"]
[Site "Denmark"]
[Date "2015.03.08"]
[Round "9.1"]
[White "Palo, Davor"]
[Black "Rasmussen, Allan Stig"]
[Result "1/2-1/2"]
[WhiteElo "2558"]
[BlackElo "2524"]
[PlyCount "49"]
[EventDate "2014.10.25"]
[EventType "team-tourn"]
[EventRounds "9"]
[EventCountry "DEN"]
[WhiteTeam "Skanderborg"]
[BlackTeam "Jetsmark"]
[WhiteTeamCountry "DEN"]
[BlackTeamCountry "DEN"]
[WhiteClock "0:09:34"]
[BlackClock "0:13:10"]

1. c4 e5 2. g3 Nc6 3. Bg2 Bc5 4. Nc3 a6 5. e3 d6 6. Nge2 Ba7 7. d4 Nge7 8. O-O
h5 9. h3 h4 10. g4 f5 11. d5 Nb8 12. gxf5 Nxf5 13. Kh2 Nd7 14. e4 Nh6 15. f4
Qe7 16. f5 Nf6 17. Ng1 g6 18. fxg6 Qg7 19. Bg5 Nhg8 20. Qf3 Ke7 21. Be3 Bxe3
22. Qxe3 Qxg6 23. Nge2 Nh6 24. Bf3 Nf7 25. Rg1 1/2-1/2